Graphics for visual communication

में बचाया:
ग्रंथसूची विवरण
मुख्य लेखक: Denton, Craig
स्वरूप: पुस्तक
भाषा:Vietnamese
प्रकाशित: McGraw-Hill 1997
टैग : टैग जोड़ें
कोई टैग नहीं, इस रिकॉर्ड को टैग करने वाले पहले व्यक्ति बनें!
Thư viện lưu trữ: Mạng thư viện Đại học Đà Nẵng
LEADER 00606nam a2200253 4500
001 000022068
003 18516
005 20150424140403.0
008 150424s1997 viesd
020 |c 00 
041 0 |a vie 
082 1 4 |a 760  |b DE-C 
100 1 |a Denton, Craig 
245 1 0 |a Graphics for visual communication  |c Craig Denton 
260 |b McGraw-Hill  |c 1997 
300 |a tr.  |c cm. 
OWN |a LSP 
999 |a From the UDN01 
TYP |a Monograph 
TYP |a Printed language 
980 |a Mạng thư viện Đại học Đà Nẵng